In dark times : (Record no. 142340)

MARC details
000 -LEADER
fixed length control field 00519nam a22001697a 4500
005 - DATE AND TIME OF LATEST TRANSACTION
control field 20170707100933.0
010 ## - LCCN (DPL NO)
LC control number ENG-119126
020 ## - INTERNATIONAL STANDARD BOOK NUMBER
International Standard Book Number 97789380536453
Terms of availability 150.00
035 ## - SYSTEM CONTROL NUMBER
System control number EN-102658
037 ## - SOURCE OF ACQUISITION
Source of stock number/acquisition DBAD/PUB
082 ## - DEWEY DECIMAL CLASSIFICATION NUMBER
Classification number 323.4420954
245 ## - TITLE STATEMENT
Title In dark times :
Remainder of title voices against intolerance /
260 ## - PUBLICATION, DISTRIBUTION, ETC. (IMPRINT)
Place of publication, distribution, etc New Delhi
Name of publisher, distributor, etc Sahmat
Date of publication, distribution, etc 2016
270 ## - ADDRESS
Address Safdar Hashmi Mamorial Trust 29 Ferozshah Road
City New Delhi
Postal code 110001
300 ## - PHYSICAL DESCRIPTION
Extent 152p. :
Other physical details ill.
Dimensions 22cm(pbk)
942 ## - ADDED ENTRY ELEMENTS (KOHA)
Source of classification or shelving scheme Dewey Decimal Classification
Item type English Books
Classification part 323.4420954
Call number suffix DAR
Holdings
Withdrawn status Lost status Not for loan Collection code Home library Current library Date acquired Source of acquisition Cost, normal purchase price Full call number Barcode Copy number Cost, replacement price Koha item type
    Not For Loan Non-fiction D.B.Act.Division Bawana 06/07/2017 DBAD/PUB 150.00 323.4420954 DAR EN-102658 1 150.00 English Books

© Delhi Public Library
Hit Counter
free hit counter